000
00260nam a22001337a 4500
020
_a
36956542147
041
_a
ENG
100
_a
Meriam
245
_a
Engining Meknanics Vol 2
260
_a
pune
_b
John Wil
_c
1996
300
_a
255
650
_a
FS
856
_u
FS
999
_c
273
_d
273